Media management and digital transformation / (Record no. 29284)

MARC details
000 -LEADER
fixed length control field 04589cam a22003618i 4500
001 - CONTROL NUMBER
control field 20864615
003 - CONTROL NUMBER IDENTIFIER
control field EG-ScBUE
005 - DATE AND TIME OF LATEST TRANSACTION
control field 20210801133449.0
008 - FIXED-LENGTH DATA ELEMENTS--GENERAL INFORMATION
fixed length control field 190209s2019 enk f b 001 0 eng d
020 ## - INTERNATIONAL STANDARD BOOK NUMBER
International Standard Book Number 9781138592087
040 ## - CATALOGING SOURCE
Original cataloging agency LBSOR/DLC
Language of cataloging eng
Description conventions rda
Transcribing agency LBSOR
Modifying agency EG-ScBUE
082 04 - DEWEY DECIMAL CLASSIFICATION NUMBER
Classification number 302.23068
Item number MED
Edition number 22
245 00 - TITLE STATEMENT
Title Media management and digital transformation /
Statement of responsibility, etc edited by Arne L. Bygdås, Stewart Clegg & Aina Landsverk Hagen.
264 #1 - PUBLICATION, DISTRIBUTION, ETC. (IMPRINT)
Place of publication, distribution, etc Abingdon, Oxon ;
-- New York, NY :
Name of publisher, distributor, etc Routledge,
Date of publication, distribution, etc 2019.
300 ## - PHYSICAL DESCRIPTION
Extent x, 167 pages ;
Dimensions 24 cm
336 ## - CONTENT TYPE
Content type term text
Content type code txt
Source rdacontent
337 ## - MEDIA TYPE
Media type term unmediated
Media type code n
Source rdamedia
338 ## - CARRIER TYPE
Carrier type term volume
Carrier type code nc
Source rdacarrier
504 ## - BIBLIOGRAPHY, ETC. NOTE
Bibliography, etc Includes bibliographical references and index.
505 0# - FORMATTED CONTENTS NOTE
Formatted contents note Introduction : why is innovation needed in organizational media managing? / Stewart Clegg, Aina Landsverk Hagen & Arne L. Bygdås -- Print and digital : synchronizing discrepant temporal regimes in the newsroom / Gudrun R. Skjælaaen & Ingrid M. Tolstad -- From deadline to flowline : managing paradoxical demands in news organizations through metaphor / Arne L. Bygdås, Aina Landsverk Hagen, Ingrid M. Tolstad & Gudrun R. Skjælaaen -- Local journalism seen through the numbers : interpreting metrics through quantitative and qualitative methods / Bente Kalsnes -- Projects as containers of future hopes and dreams : organizing innovation projects in the newspaper field / Elena Raviola, Maria Norbäck & Rolf Lundin -- Creating the new while producing the news : managing media innovation in times of uncertainty / Øyvind Pålshaugen & Aina Landsverk Hagen -- The idea propeller : managing for collective creativity in newsrooms / Aina Landsverk Hagen & Ingrid M. Tolstad -- Managing for audience engagement : taking steps towards a "glowline" co-production in the newsroom / Ingrid M. Tolstad, Aina Landsverk Hagen & Gudrun R. Skjælaaen -- Challenging digital utopianism : electronic imaginaries and the second century of radio / Christina Dunbar-Hester -- Managing journalistic innovation and source security in the age of the weaponized internet / Elizabeth Anne Watkins & C.W. Anderson -- Teaming up with technology : socio-material managerial approaches for digital transformation / Gudrun R. Skjælaaen & Arne L. Bygdås -- Education as innovation : exploring the synergy of student-journalist collaboration / Ivar John Erdal -- Context and continuities : a plea for media research in medias res / Øyvind Pålshaugen & Stewart Clegg.
520 ## - SUMMARY, ETC.
Summary, etc "Media Management and Digital Transformation provides novel and empirically rich insights into the tensions, struggles and innovations of news making and managing in media organizations. From an empirically grounded perspective this book investigates how the "buzz" of new technology tends to prevent management from seeing which changes are needed and indeed possible to make in the newsroom. It presents ground-breaking research showing that fostering ingenious innovative solutions can be created from within organizations by engaging and allowing employees to recognize problems, reflect and experiment with new ways of working, using technology as support for change. The research presented arises from a four-year action research project in collaboration with three small and medium sized Norwegian newspapers, in addition to ethnographic research in newsrooms and on media organizations and phenomena in the US and Europe. It includes among other empirical examples of newsrooms transitioning from a deadline-controlled workflow to an open-ended flowline production and provides new tools and methods for fostering collaborative creativity and co-creative innovation practices. It also looks into newsrooms' attempts to strengthen their audience engagement, metrics performance and external collaborations with technology providers, journalism education and action researchers. With theoretical chapters, methodological insights and qualitative case-studies of contemporary practices, this book is essential reading for students and practitioners involved with media management globally"--
Assigning source Provided by publisher.
650 #7 - SUBJECT ADDED ENTRY--TOPICAL TERM
Topical term or geographic name as entry element Mass media
General subdivision Management.
Source of heading or term BUEsh
650 #7 - SUBJECT ADDED ENTRY--TOPICAL TERM
Topical term or geographic name as entry element Mass media
General subdivision Technological innovations.
Source of heading or term BUEsh
653 ## - INDEX TERM--UNCONTROLLED
Resource For college Generalities
Arrived date list August2021
655 ## - INDEX TERM--GENRE/FORM
Form subdivision Reading book
9 (RLIN) 34232
700 1# - ADDED ENTRY--PERSONAL NAME
Personal name Bygdås, Arne L.,
Dates associated with a name 1971-
Relator term editor.
700 1# - ADDED ENTRY--PERSONAL NAME
Personal name Clegg, Stewart,
Relator term editor.
700 1# - ADDED ENTRY--PERSONAL NAME
Personal name Hagen, Aina Landsverk,
Relator term editor.
906 ## - LOCAL DATA ELEMENT F, LDF (RLIN)
a 7
b cbc
c orignew
d 1
e ecip
f 20
g y-gencatlg
942 ## - ADDED ENTRY ELEMENTS (KOHA)
Source of classification or shelving scheme Dewey Decimal Classification
Koha item type Book - Borrowing
Holdings
Withdrawn status Lost status Source of classification or shelving scheme Damaged status Not for loan Collection code Home library Current library Shelving location Date acquired Source of acquisition Cost, normal purchase price Serial Enumeration / chronology Total Checkouts Full call number Barcode Date last seen Cost, replacement price Price effective from Koha item type
    Dewey Decimal Classification     Academic Bookshop Central Library Central Library First floor 01/08/2021 Purchase 630.00 31174   302.23068 MED 000050451 15/07/2025 787.50 01/08/2021 Book - Borrowing